000 00746cam a2200157 4500500
005 20260111093204.0
041 _afre
042 _adc
100 1 0 _aSuzzoni, Cécilia
_eauthor
245 0 0 _aLa beauté du diable
260 _c2016.
500 _a18
520 _aLa tâche du poète consiste à retrouver la présence du monde à travers l’énigme du langage, accompagnée de réflexion et en dialogue avec les arts. L’Écharpe rouge, roman familial et récit d’enfance, rappelle que la poésie est indispensable à une société malade de son langage.
786 0 _nEsprit | Décembre | 12 | 2016-11-25 | p. 129k-152k | 0014-0759
856 4 1 _uhttps://shs.cairn.info/revue-esprit-2016-12-page-129k?lang=fr&redirect-ssocas=7080
999 _c1625619
_d1625619